| 000 | 01266nam a2200217 a 4500 | ||
|---|---|---|---|
| 008 | 120214s2010 ||||||||||||||||| || u | ||
| 020 | _a9780470404690 | ||
| 050 | _aHF 5549.5.T7 Cha | ||
| 100 | _aChan, Janis Fisher | ||
| 245 | 1 | 0 |
_aDesigning and developing training programs: pfeiffer essential guides to training basics _cby Janis Fisher Chan |
| 260 |
_aSan Francisco: _bJohn Wiley and Sons _c2010 |
||
| 300 | _axiv, 290p.: ill. | ||
| 350 | _a0.00 | ||
| 650 | _aTRAINING--HANDBOOKKS, MANUALS, ETC | ||
| 650 | _aEMPLOYEES--TRAINING OF | ||
| 650 | _aEMPLOYEE TRAINING PERSONNEL | ||
| 995 |
_aMAIN LIBRARY OPEN ACCESS _e742860 _FCBU-MAIN LIBRARY (Kitwe) _I0.00 _jHF 5549.5.T7 Cha _M1 _UAVAILABLE _WJun 22, 2012 _y742860 _ZMain Library Open Access Collection |
||
| 995 |
_aANNEX COLLECTION (Main Library) _e744508 _FCBU-MAIN LIBRARY (Kitwe) _I0.00 _jHF 5549.5.T7 Cha _M4 _UAVAILABLE _WSep 13, 2013 _y744508 _ZAnnex Low-Usage Collection |
||
| 995 |
_aANNEX COLLECTION (Main Library) _e744506 _FCBU-MAIN LIBRARY (Kitwe) _I0.00 _jHF 5549.5.T7 Cha _M2 _UAVAILABLE _WSep 13, 2013 _y744506 _ZAnnex Low-Usage Collection |
||
| 995 |
_aMAIN LIBRARY OPEN ACCESS _e744507 _FCBU-MAIN LIBRARY (Kitwe) _I0.00 _jHF 5549.5.T7 Cha _M3 _UAVAILABLE _WSep 13, 2013 _y744507 _ZMain Library Open Access Collection |
||
| 999 |
_c63457 _d63457 |
||